000 01489nam a2200457 i 4500
001 16745
003 KOSZ 005
005 20221007090925.0
008 040519s1975 pl a |001 0 pol
015 _aUWD 1976/576
035 _a991023361849705066
035 _a(PL-WaBN)b16401748-48omnis_nlop
035 _ab16401748
035 _a(OCoLC)830574399
035 _a(PL)b0000001640174
035 _a(EXLNZ-48OMNIS_NETWORK)9910271962005606
040 _aWA N
_cWA N
_dKOSZ005/HR
041 0 _apol
046 _k1975
080 _a674
080 _a620.197
080 _a667.6
100 1 _aTyszka, Józef
_eAutor
245 1 0 _aPowierzchniowe uszlachetnianie wyrobów z drewna /
_cJózef Tyszka.
260 _aWarszawa :
_bWydawnictwa Naukowo-Techniczne,
_c1975.
300 _aVII, [1], 333, [2] s., [8] k. tabl. (w tym kolor.) :
_bil., tab., wykr. ;
_c24 cm.
336 _aTekst
_btxt
_2rdacontent
337 _aBez urządzenia pośredniczącego
_bn
_2rdamedia
338 _aWolumin
_bnc
_2rdacarrier
380 _aKsiążki
388 _a1901-2000
388 _a1945-1989
504 _aBibliogr. Indeks.
650 7 _aPowłoki ochronne
_2DBN
650 7 _aTechnologia drewna
_2DBN
658 _aInżynieria i technika
710 2 _aWydawnictwa Naukowo-Techniczne
_4pbl
856 _uhttp://koha.tu.koszalin.pl/cgi-bin/koha/opac-detail.pl?biblionumber=16745
_yKatalog online BPK
942 _2UKD
_cKS
999 _c16745
_d16745